000 00571nam a2200217Ia 4500
003 OSt
005 20220926042316.0
006 a|||||r|||| 00| 0
007 ta
008 220923b |||||||| |||| 00| 0 eng d
037 _cGeneral Book
040 _aRTL
_cRTL
_beng
041 _2eng
_aeng
082 _aX9(M71):8ogY.2, J8
100 _aUnwalla Darab B
_9346081
245 0 _aTextile technocracy
260 _c1958
650 _aCotton Industry
_9229873
942 _hX9(M71):8ogY.2, J8
_cGB
_2CC
999 _c669413
_d669413